Textile effluent treatment and disposal / (Record no. 165167)

MARC details
000 -LEADER
fixed length control field 00756nam a2200241 a 4500
008 - FIXED-LENGTH DATA ELEMENTS--GENERAL INFORMATION
fixed length control field
049 ## - LOCAL HOLDINGS (OCLC)
Holding library MAIN
090 ## - LOCALLY ASSIGNED LC-TYPE CALL NUMBER (OCLC); LOCAL CALL NUMBER (RLIN)
Classification number (OCLC) (R) ; Classification number, CALL (RLIN) (NR) TD899 TEX
003 - CONTROL NUMBER IDENTIFIER
control field
005 - DATE AND TIME OF LATEST TRANSACTION
control field 20230123134408.0
040 ## - CATALOGING SOURCE
Transcribing agency NUST
110 1# - MAIN ENTRY--CORPORATE NAME
Corporate name or jurisdiction name as entry element Shirley Institute.
245 10 - TITLE STATEMENT
Title Textile effluent treatment and disposal /
Statement of responsibility, etc. Shirley Institute.
246 ## - VARYING FORM OF TITLE
Title proper/short title Shirley Institute Pamphlet No. 92.
260 ## - PUBLICATION, DISTRIBUTION, ETC.
Place of publication, distribution, etc. [S.l. :
Name of publisher, distributor, etc. The Cotton Silk and Man-made Fibres Research Association,
Date of publication, distribution, etc. 1965
300 ## - PHYSICAL DESCRIPTION
Extent 92 p. :
Other physical details ill. ;
Dimensions 23 cm.
490 ## - SERIES STATEMENT
Series statement Shirley Institute Pamphlet ;
Volume/sequential designation no. 92
650 ## - SUBJECT ADDED ENTRY--TOPICAL TERM
Topical term or geographic name entry element Textile disposal.
650 ## - SUBJECT ADDED ENTRY--TOPICAL TERM
Topical term or geographic name entry element Textile treatment.
650 #1 - SUBJECT ADDED ENTRY--TOPICAL TERM
Topical term or geographic name entry element Textile effluent.
907 ## - LOCAL DATA ELEMENT G, LDG (RLIN)
a .b10223216
b 21-02-07
c 02-01-07
942 ## - ADDED ENTRY ELEMENTS (KOHA)
Koha item type Ordinary Loan Books
Call number prefix TD899 TEX

No items available.